| 000 | 01463nam a2200229Ia 4500 | ||
|---|---|---|---|
| 003 | Ost | ||
| 005 | 20260507074931.0 | ||
| 008 | 260507s9999||||xx |||||||||||||| ||und|| | ||
| 020 | _a978995783452 | ||
| 040 | _cfsecg | ||
| 041 | _aara | ||
| 082 | _a330 | ||
| 100 |
_aالعاني، عماد محمد _eمؤلف |
||
| 245 | 0 |
_aآلية رسم السياسات الإقتصادية للحكومات المحلية : _b(مفاهيم-مداخل-تطبيقات) / _c عماد محمد العاني |
|
| 260 |
_aعمان: _bمكتبة المجتمع العربي للنشر, _c2015 |
||
| 300 |
_a141 صفحة؛ _bإيضاحات ؛ _c25 سم |
||
| 504 | _aبيبليوغرافيا: ص.135-141 | ||
| 520 | _aيتناول مفهوم التنمية،التعريف بالتنمية الاقتصادية المحلية،مشاكل وتحديات التنمية الاقتصادية في الحكومات المحلية،استراتيجية التنمية الاقتصادية المحلية،منهجية التخطيط الاستراتيجي للتنمية الاقتصادية في الحكومات المحلية،آلية وضع استراتيجية لتنمية الاقتصاد المحلي منسجمة مع الامكانيات والمتطلبات وتحقيق الاهداف،الاستنتاجات | ||
| 653 | _aالاقتصاد،التنمية الاقتصادية | ||
| 700 |
_a عبود، محمد معتوق _eمؤلف ثانوي |
||
| 942 | _cكتاب | ||
| 999 |
_c41854 _d41854 |
||